000 01160cam a2200301 a 4500
999 _c19196
_d19196
001 15929193
005 20170114155921.0
008 091001s2010 nyua b 001 0 eng
010 _a 2009038979
015 _aGBA9C2659
_2bnb
016 7 _a015442484
_2Uk
020 _a9780393935110 (hardcover)
020 _a0393935116 (hardcover)
035 _a(OCoLC)ocn422761559
040 _aDLC
_cDLC
_dYDX
_dUKM
_dYDXCP
_dDLC
050 0 0 _aHB 172.5 .J652 2010
100 1 _aJones, Charles I.
_q(Charles Irving)
245 1 0 _aMacroeconomics :
_beconomic crisis update /
_cCharles I. Jones.
260 _aNew York :
_bW. W. Norton & Co.,
_cc2010.
300 _axxix, 496 p. :
_bill. (some col.) ;
_c27 cm.
504 _aIncludes bibliographical references and index.
650 0 _aMacroeconomics.
650 0 _aFinancial crises.
650 0 _aGlobal Financial Crisis, 2008-2009.
942 _2lcc
_cBOOKS
_hHB 172.5 .J652 2010